Todo lo sólido se desvanece en el aire: la experiencia de la modernidad

Uloženo v:
Podrobná bibliografie
Hlavní autor: Berman, Marshall (Autor)
Médium: Kniha
Jazyk:španělština
Vydáno: Madrid Siglo Veintiuno de España, Editores 1988
Témata:
Tagy: Přidat tag
Žádné tagy, Buďte první, kdo vytvoří štítek k tomuto záznamu!

MARC

LEADER 00000nam a2200000 a 4500
001 UCV7725
003 CL-VaPUC
008 890707e19880000SP |||||||||||||||||spa|d
082 0 4 |a 909.8  |b BER  |2 21 
100 0 |a Berman, Marshall  |e author  |9 301864 
245 1 0 |a Todo lo sólido se desvanece en el aire: la experiencia de la modernidad 
300 |a 386 p 
942 |c BK 
945 |d 19890707 00:00:00 
260 |a Madrid  |b Siglo Veintiuno de España, Editores  |c 1988 
600 0 |a Goethe, Johann Wolfgang von,  |d 1749-1832  |e autor  |9 265453 
600 0 7 |a BAUDELAIRE, CHARLES PIERRE  |2 CL-VaPUC  |9 265454 
600 0 |a Marx, Karl Heinrich,  |d 1818-1883  |9 861123 
650 0 |a Civilización moderna   |9 265455 
650 0 |a Modernidad   |9 265371 
650 0 |a Aspectos filosóficos   |9 265456 
650 0 |a Literatura alemana   |9 265457 
650 0 |a Dialéctica  |9 257902 
650 7 |a MARXISMO  |2 CL-VaPUC  |9 301865 
650 0 |a Crítica e interpretación   |9 255042 
583 |a last modification  |c 19890707 00:00:00  |k Rodrigo Vera 
999 |c 213364  |d 213362 
952 |0 0  |1 0  |4 0  |6 909_800000000000000_BER_1988  |7 0  |8 P  |9 195677  |a BIBARQ  |b BIBARQ  |d 2019-11-14  |i 2636859  |o 909.8 BER 1988  |p 2636859  |r 2025-01-20  |w 2019-11-14  |y BK  |k ARQ